000 00766cab a2200253 4500
001 WB3212-51
008 090401t1996 xxu||||| |||| 00| 0 eng d
035 _a(Sirsi) u56780
041 _aeng
245 _aFarmland threatened
260 _c1996
350 _a0
490 _aFinancial Times
_v19 March 1996, 10
490 _aBirmingham Post
_v19 March 1996, 11(2)
520 _aThe CPRE reports that nearly half of England`s farmland could be vulnerable to development, if government goes ahead with proposals to relax planning rules.
650 _aFARMLAND
650 _aPLANNING CONTROL
650 _aRURAL DEVELOPMENT
650 _aRURAL ENGLAND
650 _aRURAL WHITE PAPER
690 _aRURAL PRACTICE
942 _n0
948 _c04/03/1997
999 _c34659
_d34659